| 000 | 00945nam a2200301 i 4500 | ||
|---|---|---|---|
| 001 | 16034 | ||
| 003 | ES-MaACL | ||
| 005 | 20250829050156.0 | ||
| 007 | t| | ||
| 008 | 000619s1997 sp ||||0| spa j | ||
| 020 | _a84-493-0422-9 | ||
| 040 |
_aM-BN _bspa _cM-BN |
||
| 080 | _a316:1 | ||
| 080 | _a130.2"19" | ||
| 100 | 1 |
_aLuhmann, Niklas. _974673 |
|
| 245 | 1 | 0 |
_aObservaciones de la modernidad _b: racionalidad y contingencia en la sociedad moderna / _cNiklas Luhmann ; [traducción de Carlos Fortea Gil]. |
| 250 | _a1ª ed. | ||
| 260 |
_aBarcelona : _bPaidós, _c1997. |
||
| 300 |
_a203 p. ; _c20 cm. |
||
| 490 | 1 |
_aPaidós studio ; _v123 |
|
| 650 | 1 | 4 |
_aSociología- _xFilosofía. _917199 |
| 650 | 1 | 7 |
_aPostmodernismo _2embne _916329 |
| 700 | 1 |
_aFortea, Carlos, _d1963- _951844 |
|
| 830 | 0 |
_aPaidós studio ; _v123 _9178141 |
|
| 852 |
_aES-MaACL _jL-23345 _bR.128619 |
||
| 999 |
_c16034 _d16034 |
||